| 000 | 01342nac a22003491u 4500 | ||
|---|---|---|---|
| 003 | EG-ScBUE | ||
| 005 | 20220324142635.0 | ||
| 008 | 200219s2003 nyu f 000 1 eng d | ||
| 020 | _a0553212168 | ||
| 040 |
_aEG-ScBUE _beng _erda _cEG-ScBUE _dEG-ScBUE |
||
| 041 | 1 |
_aeng _hrus |
|
| 043 | _ae-ur--- | ||
| 082 | 0 | 4 |
_a891.733 _bDOS _222 |
| 100 | 1 |
_aDostoyevsky, Fyodor, _d1821-1881, _eauthor. |
|
| 245 | 1 | 4 |
_aThe brothers Karamazov / _bFyodor Dostoyevsky ; introduction and essay by Konstantin Mochulsky ; translated by Andrew R. MacAndrew. |
| 264 | 1 |
_aNew York : _bBantam Book, _c2003. |
|
| 300 |
_axvii, 822 pages ; _c22 cm. |
||
| 336 |
_2rdacontent _atext _btxt |
||
| 337 |
_2rdamedia _aunmediated _bn |
||
| 338 |
_2rdacarrier _avolume _bnc |
||
| 490 | 0 | _aBantam classics | |
| 546 | _aText in English ; translated from the original Russian. | ||
| 650 | 7 |
_aFathers and sons _xFiction. _2BUEsh |
|
| 650 | 7 |
_aBrothers _xFiction. _2BUEsh |
|
| 651 | 7 |
_aRussia _xSocial life and customs _y1533-1917 _vFiction. _2BUEsh |
|
| 653 |
_bHHUUEENN _cMarch2022 |
||
| 655 | 7 | _aDidactic fiction. | |
| 655 | 7 |
_aDomestic fiction. _vReading book |
|
| 700 | 1 |
_aMochulʹskiĭ, K. _q(Konstantin), _d1892-1948, _eauthor of introduction, etc. |
|
| 700 | 1 |
_aMacAndrew, Andrew R. _q(Andrew Robert), _d1911-2001, _etranslator. |
|
| 942 |
_cBB _2ddc |
||
| 999 |
_c3206 _d3206 |
||